<?xml version="1.0" encoding="UTF-8"?>
<collection xmlns="http://www.loc.gov/MARC21/slim">
  <record>
    <leader>00000nam  2200000   4500</leader>
    <datafield tag="300" ind1="#" ind2="#">
      <subfield code="a">94 hlm. :</subfield>
      <subfield code="b">ill. ;</subfield>
      <subfield code="c">30 cm</subfield>
      <subfield code="e"/>
    </datafield>
    <controlfield tag="csr">$a 86377348c6868f43019c28a4dfdddeef</controlfield>
    <datafield tag="856" ind1="#" ind2="#">
      <subfield code="a"/>
    </datafield>
    <datafield tag="740" ind1="#" ind2="#">
      <subfield code="a"/>
    </datafield>
    <datafield tag="700" ind1=" " ind2="#">
      <subfield code="a"/>
    </datafield>
    <datafield tag="650" ind1=" " ind2="#">
      <subfield code="a">Pengembangan Kompetensi SDM</subfield>
    </datafield>
    <datafield tag="650" ind1=" " ind2="#">
      <subfield code="a">Aparatur Pemerintah</subfield>
    </datafield>
    <datafield tag="520" ind1=" " ind2="#">
      <subfield code="a">Pengembangan Kompetensi SDM Aparatur Terintegrasi Berpola Appe Sulapa (Sumber Daya Unggul, Kolaboratif, Profesional dan Adaptif) Berbasis Digital Lingkup Pemerintah Provinsi Sulawesi Barat".Latar Belakang &amp; Tujuan&#13;
Permasalahan: Belum maksimalnya sinergitas pengembangan dan pelatihan SDM aparatur di Provinsi Sulawesi Barat, dengan pola pengembangan yang masih tersebar di masing-masing instansi.&#13;
Solusi: Membangun desain pengembangan kompetensi berpola "Appe Sulapa" (simbol segi empat/belah ketupat) yang mengintegrasikan sumber daya manusia secara digital melalui platform Learning Management System (LMS).&#13;
Tujuan: Meningkatkan kualitas ASN melalui pelatihan terintegrasi yang efektif, efisien, dan responsif, sekaligus meningkatkan literasi digital aparatur guna mendukung sistem pemerintahan berbasis digital.</subfield>
    </datafield>
    <datafield tag="338" ind1="#" ind2="#">
      <subfield code="a"/>
    </datafield>
    <datafield tag="337" ind1="#" ind2="#">
      <subfield code="a"/>
    </datafield>
    <datafield tag="336" ind1="#" ind2="#">
      <subfield code="a"/>
    </datafield>
    <controlfield tag="001">$a INLIS000000000020903</controlfield>
    <datafield tag="264" ind1="#" ind2="#">
      <subfield code="a">Jakarta :</subfield>
      <subfield code="b">Pusbangkom Pimnas dan Manajerial ASN. ;</subfield>
      <subfield code="c">2024</subfield>
    </datafield>
    <datafield tag="246" ind1="#" ind2="#">
      <subfield code="a"/>
    </datafield>
    <datafield tag="245" ind1="#" ind2="#">
      <subfield code="a">Pengembangan Kompetensi SDM Aparatur Berintegrasi Berpola Appe Sulapa (Sumber Daya Unggul, Kolaboratif, Profesional dan Adaptif) Berbasis Digital Lingkup Pemerintah Provinsi Sulawesi Barat</subfield>
      <subfield code="b"/>
      <subfield code="c">Farid Wajdi</subfield>
    </datafield>
    <datafield tag="100" ind1=" " ind2="#">
      <subfield code="a">Farid Wajdi</subfield>
    </datafield>
    <datafield tag="084" ind1="#" ind2="#">
      <subfield code="a">R 087 PKN I 2024</subfield>
    </datafield>
    <datafield tag="082" ind1="#" ind2="#">
      <subfield code="a"/>
    </datafield>
    <datafield tag="035" ind1="#" ind2="#">
      <subfield code="a">0010-0526000008</subfield>
    </datafield>
    <datafield tag="020" ind1="#" ind2="#">
      <subfield code="a"/>
    </datafield>
    <controlfield tag="008">$a 260508################g##########0#ind##</controlfield>
    <controlfield tag="005">$a 20260508154501</controlfield>
  </record>
</collection>
